Olivia Rodrigo - Paroles ballad of a homeschooled girl - Statistiques

Statistiques générales
  • Ce quiz a été pris 131 fois
  • Le résultat moyen est 318 sur 372
Statistiques - réponses
Hint Réponse % Correct
So
99%
a
97%
(ah,
97%
ah,
97%
ah)
97%
Post-refrain Ah,
97%
ah
97%
(ah)
97%
(ah),
97%
huh)
97%
I
97%
it
97%
(oh)
97%
(oh),
97%
oh,
97%
(Oh,
97%
oh)
97%
social
97%
Social
97%
ugh
97%
(uh
97%
and
96%
And
96%
it's
96%
It's
96%
my
96%
suicide
96%
suicide,
96%
to
96%
do
95%
go,
95%
I'm
95%
the
95%
The
95%
should
93%
all
92%
no
92%
shouldn't
92%
know,
91%
know
91%
secrets
91%
tell
91%
then
91%
fell,
89%
glass,
89%
like
89%
like,
89%
out
89%
outside
89%
outside,
89%
time
89%
time,
89%
broke
88%
don't
88%
got
88%
told
88%
Each
87%
think
87%
with
87%
anyone
86%
guy
86%
guy,
86%
hate
86%
on
86%
over
86%
tongue,
86%
tripped
86%
Couplet 1 Cat
84%
made
84%
step
84%
clothes,
83%
every
83%
fun,
83%
gay
83%
guess
83%
Guess
83%
when
83%
words,
83%
worse
83%
bones
82%
get
82%
weird,
82%
along
80%
is
80%
joke
80%
right
80%
cold,
79%
la
79%
La
79%
la,
79%
wrong
79%
party's
78%
skin
78%
alive,
76%
of
76%
runnin'
76%
that
76%
die,
75%
die
75%
done,
75%
Everythin'
75%
feels
75%
inside
75%
say?
75%
tragic
75%
wanna
75%
what
75%
you
75%
Blood
74%
doesn't
74%
was
74%
website
74%
did
72%
God,
72%
me
72%
up
72%
after,
71%
at
71%
greatest
71%
he
71%
mornin'
71%
panic
71%
day
70%
night
70%
night,
70%
conversation?"
68%
boys,
67%
curl
67%
stumbled
67%
Stumbled
67%
Can't
66%
his
66%
type
66%
fit
64%
let
64%
start
64%
this
64%
your
64%
makin'
63%
sat
63%
talked
63%
twice
63%
"How
61%
(how
61%
Called
58%
laughed
58%
line
58%
name
58%
third
58%
wife
58%
hot
57%
Couplet 2 Searchin',
57%
mom
55%
Outro Thought
55%
still
54%
swore
54%
alone,
51%
But
51%
whole
51%
fine
50%
yeah,
49%
shocked
39%
flirt?)
33%
Aucun quiz correspondant
Distribution des résultats
% des personnes avec chaque résultat
Percentile par nombre de réponses
Votre historique - résultats
Vous n’avez pas pris ce quiz